000 00804nam a22002652a 4500
001 50360
003 BD-RjUL
005 20211209075509.0
008 160824s1960 nyu b 001 0 eng d
035 _a(BD-RjUL)50480
040 _aDLC
_cWSU
_dSER
_dUKM
_dBD-RjUL
_dEQO
_beng
041 _aeng
082 _a808
_bKIM 1960
100 1 _aKierzek, John M.,
_d1891-
_9150907
245 1 4 _aThe Macmillan handbook of English /
_cby John M. Kierzek and Walker Gibson
250 _a4th ed.
260 _aNew York :
_bMacmillan,
_cc1960
300 _axxi, 489 p. ;
_c21 cm.
504 _aInclude Index
650 0 _aEnglish language
_xRhetoric
_9150908
650 0 _aAuthorship
_vHandbooks, manuals, etc.
_9127747
700 1 _aGibson, W. Walker.
_9150909
942 _2ddc
_cBK
999 _c50360
_d50360